Pendidikan pencegahan dadah & aids

Bibliographic Details
Main Author: GAN
Format: Book
Published: Kuala Lumpur : Delmu (Malaysia) , 1993
Subjects:

MARC

LEADER 00000cam a2200000 7i4500
001 0000000594
005 20000911.0
020 0 0 |a 9839743139 
090 0 0 |a 362.293609595   |b GAN 1993 
100 1 0 |a GAN   |h Judy 
245 1 0 |a Pendidikan pencegahan dadah & aids   |c Judy Gan 
260 0 0 |a Kuala Lumpur :   |b Delmu (Malaysia) ,   |c 1993 
300 |a v, 273 p. :   |b ill. ;   |c 21 cm. 
650 0 0 |a AIDS (Disease)   |x Study and teaching   |z Malaysia 
650 0 0 |a AIDS (Disease)   |z Malaysia   |x Prevention 
650 0 0 |a Drug abuse   |x Miscellanea 
650 0 0 |a Drug abuse   |x Study and teaching   |z Malaysia 
650 0 0 |a Drug abuse   |z Malaysia   |x Prevention 
999 |a 0000000070   |b Monograph   |c Open Shelf   |e Default branch